000 00737nam a22002537a 4500
001 BR0304462
003 BR-BrBNA
005 20230928101353.0
007 ta
008 230509b bl.||||| |||| 00| 0 por d
040 _aBR-BrBNA
_bpor
_cBiblioteca Nacional de Agricultura
041 _a(Por)
072 _aP40
090 _ P40 BR0304462
110 1 _aConselho Federal de Engenharia, Arquitetura e Agronomia, Brasília, DF (Brasil)
_92633
245 1 _aPrevisão climática como subsídio à crise energética
260 3 _aBrasília, DF (Brasil):
_c2002.
300 _a191 p.
650 _aPREVISÃO DO TEMPO
650 _aENERGIA
650 _aDEPRESSÃO ECONÔMICA
909 _a202309
_bLucia
_c55
_dLucia Elande
942 _cBK
999 _c65493
_d65493